<?xml version="1.0" encoding="UTF-8"?>
<record
    xmlns:xsi="http://www.w3.org/2001/XMLSchema-instance"
    xsi:schemaLocation="http://www.loc.gov/MARC21/slim http://www.loc.gov/standards/marcxml/schema/MARC21slim.xsd"
    xmlns="http://www.loc.gov/MARC21/slim">

  <leader>03704nam a2200553 i 4500</leader>
  <controlfield tag="001">26170</controlfield>
  <controlfield tag="003">FINmELB</controlfield>
  <controlfield tag="005">20241216215859.0</controlfield>
  <controlfield tag="006">m     o  u        </controlfield>
  <controlfield tag="007">cr cn|||||||||</controlfield>
  <controlfield tag="008">211004s2021    pe      ob    000 0 spa d</controlfield>
  <datafield tag="020" ind1=" " ind2=" ">
    <subfield code="a">9786123183387</subfield>
    <subfield code="q">(e-book)</subfield>
  </datafield>
  <datafield tag="020" ind1=" " ind2=" ">
    <subfield code="z">9786123183394</subfield>
  </datafield>
  <datafield tag="035" ind1=" " ind2=" ">
    <subfield code="a">(OCoLC)1280138505</subfield>
  </datafield>
  <datafield tag="040" ind1=" " ind2=" ">
    <subfield code="a">FINmELB</subfield>
    <subfield code="b">spa</subfield>
    <subfield code="e">rda</subfield>
    <subfield code="c">FINmELB</subfield>
  </datafield>
  <datafield tag="050" ind1=" " ind2="4">
    <subfield code="a">F3408.5</subfield>
    <subfield code="b">R494 2021</subfield>
  </datafield>
  <datafield tag="080" ind1=" " ind2=" ">
    <subfield code="a">94(85)</subfield>
  </datafield>
  <datafield tag="082" ind1="0" ind2="4">
    <subfield code="a">985.0648</subfield>
    <subfield code="2">23</subfield>
  </datafield>
  <datafield tag="100" ind1="1" ind2=" ">
    <subfield code="a">Reyes Zamora, David,</subfield>
    <subfield code="e">autor.</subfield>
  </datafield>
  <datafield tag="245" ind1="1" ind2="0">
    <subfield code="a">Reto bicentenario :</subfield>
    <subfield code="b">una mirada a las fracturas que limitan el desarrollo del Per&#xFA; tras la pandemia /</subfield>
    <subfield code="c">David Reyes Zamora.</subfield>
  </datafield>
  <datafield tag="264" ind1=" " ind2="1">
    <subfield code="a">Lima :</subfield>
    <subfield code="b">Universidad Peruana de Ciencias Aplicadas (UPC),</subfield>
    <subfield code="c">2021.</subfield>
  </datafield>
  <datafield tag="300" ind1=" " ind2=" ">
    <subfield code="a">1 recurso en l&#xED;nea (182 p&#xE1;ginas sin numerar)</subfield>
  </datafield>
  <datafield tag="336" ind1=" " ind2=" ">
    <subfield code="a">texto</subfield>
    <subfield code="b">txt</subfield>
    <subfield code="2">rdacontent/spa</subfield>
  </datafield>
  <datafield tag="337" ind1=" " ind2=" ">
    <subfield code="a">computadora</subfield>
    <subfield code="b">c</subfield>
    <subfield code="2">rdamedia/spa</subfield>
  </datafield>
  <datafield tag="338" ind1=" " ind2=" ">
    <subfield code="a">recurso en l&#xED;nea</subfield>
    <subfield code="b">cr</subfield>
    <subfield code="2">rdacarrier/spa</subfield>
  </datafield>
  <datafield tag="504" ind1=" " ind2=" ">
    <subfield code="a">Incluye referencias bibliogr&#xE1;ficas.</subfield>
  </datafield>
  <datafield tag="505" ind1="0" ind2=" ">
    <subfield code="a">P&#xC1;GINA LEGAL -- AGRADECIMIENTOS -- POL&#xCD;TICA ECON&#xD3;MICA, ENTREVISTA A MAGALI SILVA -- INFORMALIDAD, ENTREVISTA A CARLOS GANOZA -- SALUD, ENTREVISTA A JANICE SEINFELD -- TRABAJO Y MERCADO LABORAL, ENTREVISTA A HUGO &#xD1;OPO -- POBREZA Y DESARROLLO RURAL, ENTREVISTA A CAROLINA TRIVELLI -- INNOVACI&#xD3;N, ENTREVISTA A JACK ZILBERMAN -- EDUCACI&#xD3;N, ENTREVISTA A LEA SULMONT -- INCLUSI&#xD3;N FINANCIERA, ENTREVISTA A CARLOS ADRIANZ&#xC9;N -- DESARROLLO URBANO Y CIUDADAN&#xCD;A, ENTREVISTA A MARIANA ALEGRE -- ANTICORRUPCI&#xD3;N, ENTREVISTA A OSCAR ESPINOSA -- BRECHA DE G&#xC9;NERO Y EQUIDAD, ENTREVISTA A ANDREA DE LA PIEDRA -- REFERENCIAS.</subfield>
  </datafield>
  <datafield tag="520" ind1=" " ind2=" ">
    <subfield code="a">A dos siglos de los primeros pasos de la independencia peruana, el libro Reto bicentenario. Una mirada a las fracturas que limitan el desarrollo del Per&#xFA; tras la pandemia, del periodista David Reyes Zamora, traza una hoja de ruta conjunta para construir un mejor pa&#xED;s en medio de la lucha contra el COVID-19 y afrontar las futuras dificultades una vez que logremos derrotarlo. Para ello, el autor entrevist&#xF3; a 11 especialistas que analizan los problemas estructurales del Per&#xFA; de hoy desde dos ejes transversales (pol&#xED;tica econ&#xF3;mica e innovaci&#xF3;n), y a partir de sus grandes retos econ&#xF3;micos (informalidad, trabajo y mercado laboral, pobreza y desarrollo rural, e inclusi&#xF3;n financiera), sectoriales (salud y educaci&#xF3;n), y pol&#xED;ticos y sociales (desarrollo urbano y ciudadan&#xED;a, lucha anticorrupci&#xF3;n, y brecha de g&#xE9;nero y equidad). En este a&#xF1;o del bicentenario, los desaf&#xED;os para alcanzar el desarrollo del pa&#xED;s en todos sus sectores son cada vez mayores. En respuesta, las 11 voces de las ciencias sociales congregadas en este libro contribuyen a unir las piezas para armar ese rompecabezas que llamamos Per&#xFA; y as&#xED; forjar el pa&#xED;s en el que todos anhelamos vivir.</subfield>
  </datafield>
  <datafield tag="588" ind1=" " ind2=" ">
    <subfield code="a">Descripci&#xF3;n basada en metadatos suministrados por el editor y otras fuentes.</subfield>
  </datafield>
  <datafield tag="590" ind1=" " ind2=" ">
    <subfield code="a">Recurso electr&#xF3;nico. Santa Fe, Arg.: elibro, 2021. Disponible v&#xED;a World Wide Web. El acceso puede estar limitado para las bibliotecas afiliadas a elibro.</subfield>
  </datafield>
  <datafield tag="650" ind1=" " ind2="0">
    <subfield code="a">Economic development.</subfield>
  </datafield>
  <datafield tag="650" ind1=" " ind2="0">
    <subfield code="a">Education.</subfield>
  </datafield>
  <datafield tag="650" ind1=" " ind2="0">
    <subfield code="a">Economic policy.</subfield>
  </datafield>
  <datafield tag="650" ind1=" " ind2="0">
    <subfield code="a">Health.</subfield>
  </datafield>
  <datafield tag="650" ind1=" " ind2="0">
    <subfield code="a">Job analysis.</subfield>
  </datafield>
  <datafield tag="650" ind1=" " ind2="4">
    <subfield code="a">Desarrollo econ&#xF3;mico.</subfield>
  </datafield>
  <datafield tag="650" ind1=" " ind2="4">
    <subfield code="a">Desarrollo Social.</subfield>
  </datafield>
  <datafield tag="650" ind1=" " ind2="4">
    <subfield code="a">Educaci&#xF3;n.</subfield>
  </datafield>
  <datafield tag="650" ind1=" " ind2="4">
    <subfield code="a">Pol&#xED;tica econ&#xF3;mica.</subfield>
  </datafield>
  <datafield tag="650" ind1=" " ind2="4">
    <subfield code="a">Salud.</subfield>
  </datafield>
  <datafield tag="650" ind1=" " ind2="4">
    <subfield code="a">Trabajo.</subfield>
  </datafield>
  <datafield tag="651" ind1=" " ind2="4">
    <subfield code="a">Per&#xFA;.</subfield>
  </datafield>
  <datafield tag="655" ind1=" " ind2="4">
    <subfield code="a">Libros electr&#xF3;nicos.</subfield>
  </datafield>
  <datafield tag="797" ind1="2" ind2=" ">
    <subfield code="a">elibro, Corp.</subfield>
  </datafield>
  <datafield tag="856" ind1="4" ind2="0">
    <subfield code="u">https://elibro.net/ereader/politecnicointernacional/184638</subfield>
  </datafield>
  <datafield tag="999" ind1=" " ind2=" ">
    <subfield code="c">26170</subfield>
    <subfield code="d">26170</subfield>
  </datafield>
</record>
